000 02041cam a2200325 a 4500
003 OSt
005 20200921120823.0
008 050823s2005 ck ad r 000 0 spa d
020 _a9583379662
040 _aCO-BoPUJ
_cCO-JMCR
041 0 _aspa
082 0 4 _a324.2861 /
_bR749p
_223
100 1 _aRoll, David,
_eDirector de la investigación
_93711
245 1 0 _aPartidos políticos y Congreso :
_bélites políticas y mayorías parlamentarias en Colombia en la década de los noventa /
_cDirector de la investigación David Roll Vélez ; Andrea del Pilar Escobar Gómez...[et al.]
250 _aPrimera edición
260 _aBogotá :
_bUniversidad Nacional de Colombia :
_bKonrad-Adenauer-Stiftung
_c2005.
300 _a314 páginas :
_bilustraciones, cuadros, diagramas y gráficas ;
_c24 cm.
504 _aIncluye referencias bibliográficas.
505 0 _a¿Qué sistema de partidos existen en Colombia, a partir de la composición partidista en el Congreso? -- ¿Cómo se perciben las elites parlamentarias y partidistas colombianas en el Congreso y fuera de él? -- ¿De qué modo se ha desarrollado la participación de las mujeres y de los indígenas en el Congreso colombiano desde la Constitución de 1991? -- ¿Cómo les va a los partidos políticos con representación parlamentaria mayoritaria en las zonas de conflicto?
610 1 4 _aColombia
_bCongreso
_910562
650 2 4 _aPartidos políticos
_zColombia
_y1990-2000
_910563
650 2 4 _aÉlite (Ciencias sociales)
_zColombia
_y1990-2000
_910564
650 2 4 _aClase dirigente
_zColombia
_y1990-2000
_910565
650 2 4 _aMujeres en la política
_zColombia
_y1990-2000
_910566
650 2 4 _aIndígenas de Colombia
_xActividad política
_y1990-2000
_910567
700 1 _aEscobar Gómez, Andrea del Pilar,
_eautora
_910568
856 4 0 _zPara consultar la tabla de contenido presione aquí.
_uhttp://www.javeriana.edu.co/biblos/Libros/partidos.pdf
942 _2ddc
_cBK
999 _c6866
_d6866